[Event "Tata Steel Challengers"]
[Site "Wijk aan Zee NED"]
[Date "2026.01.27"]
[Round "9.1"]
[White "Warmerdam, Max"]
[Black "Maurizzi, MarcAndria"]
[Result "1-0"]
[WhiteTitle "GM"]
[BlackTitle "GM"]
[WhiteElo "2576"]
[BlackElo "2611"]
[WhiteFideId "1048104"]
[BlackFideId "36083534"]
[EventDate "2026.01.17"]

1. d4 d5 2. Nf3 Nf6 3. c4 e6 4. Nc3 Be7 5. cxd5 exd5 6. Bf4 O-O 7. e3 Bf5 8. h3
Nbd7 9. a3 c6 10. g4 Bg6 11. Nh4 Ne8 12. Nf5 Bxf5 13. gxf5 Bd6 14. Qf3 Ndf6 15.
Rg1 Rc8 16. Bd3 c5 17. Be5 cxd4 18. Bxd4 Bc5 19. Qf4 Bd6 20. Qf3 Bc5 21. Qf4 Bd6
22. Qh4 Be7 23. Rd1 Kh8 24. Bb1 Rg8 25. Ba2 Qa5 26. Kf1 Nd6 27. Qf4 Nc4 28. Bxc4
dxc4 29. e4 Rcd8 30. Qf3 Qa6 31. e5 Nd7 32. Qh5 Rdf8 33. e6 fxe6 34. Rxg7 Rxg7
35. Bxg7+ Kxg7 36. Rxd7 Rf7 37. Qg4+ Kf8 38. fxe6 Rg7 39. Qf5+ Ke8 40. Qh5+ Kf8
41. Qh6 Kg8 42. Rxe7 Rxe7 43. Qg5+ Kf8 44. Qf6+ Ke8 45. Qh8# 1-0

[Event "Tata Steel Challengers"]
[Site "Wijk aan Zee NED"]
[Date "2026.01.27"]
[Round "9.2"]
[White "Lu, Miaoyi"]
[Black "Ivic, Velimir"]
[Result "1-0"]
[WhiteTitle "IM"]
[BlackTitle "GM"]
[WhiteElo "2431"]
[BlackElo "2638"]
[WhiteFideId "8618020"]
[BlackFideId "950122"]
[EventDate "2026.01.17"]

1. e4 c5 2. Nf3 Nc6 3. c3 d5 4. exd5 Qxd5 5. d4 e6 6. Na3 Nf6 7. Be3 cxd4 8. Nb5
Qd8 9. Nbxd4 Qc7 10. Nxc6 bxc6 11. Qd4 Nd5 12. O-O-O Nxe3 13. fxe3 Qb6 14. Ne5
Bc5 15. Qe4 O-O 16. Kc2 f5 17. Qa4 a5 18. Bc4 Rb8 19. b3 Qc7 20. Nxc6 Rb6 21.
Nd4 Kh8 22. Qxa5 e5 23. Nf3 e4 24. Ne5 g6 25. Rd5 Bxe3 26. Rhd1 Rb7 27. Qa3 Re8
28. Bb5 Rxb5 29. Rxb5 Bf4 30. Nc4 e3 31. g3 Qc6 32. gxf4 Qxb5 33. Qd6 Bb7 34.
Qd4+ Kg8 35. Re1 Be4+ 36. Kb2 Qc6 37. Qxe3 Rd8 38. Ne5 Qf6 39. Qe2 Qh4 40. Rf1
Kg7 41. a4 Rd5 42. c4 Rd6 43. Qf2 Qd8 44. Qa7+ Kg8 45. Ka3 Rd2 46. Rc1 Qf8+ 47.
c5 Bd5 48. Rc3 Be4 49. Rh3 Bb7 50. Rc3 Be4 51. h4 Rd1 52. h5 g5 53. fxg5 Ra1+
54. Kb4 Rh1 55. Nd7 Qf7 56. Qb8+ Kg7 57. h6+ 1-0

[Event "Tata Steel Challengers"]
[Site "Wijk aan Zee NED"]
[Date "2026.01.27"]
[Round "9.3"]
[White "Assaubayeva, Bibisara"]
[Black "Yip, Carissa"]
[Result "1/2-1/2"]
[WhiteTitle "GM"]
[BlackTitle "IM"]
[WhiteElo "2497"]
[BlackElo "2466"]
[WhiteFideId "13708694"]
[BlackFideId "2090732"]
[EventDate "2026.01.17"]

1. d4 Nf6 2. c4 e6 3. Nf3 Bb4+ 4. Bd2 a5 5. a3 Bxd2+ 6. Qxd2 b6 7. Nc3 Bb7 8. e3
Ne4 9. Nxe4 Bxe4 10. Bd3 Bxd3 11. Qxd3 d6 12. h4 Nd7 13. h5 h6 14. Rh3 a4 15.
Nd2 Ra5 16. Ne4 Nf6 17. Nc3 O-O 18. O-O-O d5 19. Kb1 Qa8 20. g4 dxc4 21. Qxc4
Ne4 22. Nxe4 Qxe4+ 23. Ka1 Qxg4 24. Rdh1 Qf5 25. f4 c5 26. Rg3 Kh8 27. dxc5 Qxc5
28. Qe2 Ra7 29. Rhg1 f6 30. Rg6 Rd8 31. Qg4 f5 32. Qh4 Qe7 33. Qh1 Qe8 34. Qg2
Rad7 35. Qc2 b5 36. Qc3 Rd1+ 37. Rxd1 Rxd1+ 38. Ka2 Qd7 39. Qe5 Qd5+ 40. Qxd5
exd5 41. Rb6 d4 42. exd4 Rxd4 43. Rxb5 Rxf4 44. Kb1 g5 45. hxg6 Kg7 46. Kc2 Kxg6
47. Kd2 Re4 48. b3 h5 49. bxa4 h4 50. a5 Kg5 51. a6 Ra4 52. Rb6 h3 53. Ke2 h2
54. Rb1 Kg4 55. Kf2 Rxa3 56. Kg2 Ra2+ 57. Kh1 f4 58. Rb7 f3 59. Rg7+ Kh3 60.
Rh7+ Kg3 61. Rg7+ Kf2 62. a7 Ra6 63. Rf7 Ra1+ 64. Kxh2 Ra6 65. Kh3 Ke2 66. Re7+
Kf1 67. Rb7 f2 68. Rb1+ Ke2 69. Rb2+ Ke3 70. Rb3+ Ke2 71. Rb2+ Ke1 72. Rb1+ Ke2 1/2-1/2

[Event "Tata Steel Challengers"]
[Site "Wijk aan Zee NED"]
[Date "2026.01.27"]
[Round "9.5"]
[White "Panesar, Vedant"]
[Black "Ivanchuk, Vasyl"]
[Result "1/2-1/2"]
[WhiteTitle "FM"]
[BlackTitle "GM"]
[WhiteElo "2406"]
[BlackElo "2605"]
[WhiteFideId "35033018"]
[BlackFideId "14100010"]
[EventDate "2026.01.17"]

1. e4 c5 2. Nf3 Nc6 3. d4 cxd4 4. Nxd4 Nf6 5. Nc3 e5 6. Ndb5 d6 7. Bg5 a6 8. Na3
b5 9. Nd5 Be7 10. Bxf6 Bxf6 11. c3 O-O 12. Nc2 Rb8 13. h4 a5 14. Nce3 b4 15. Bc4
Kh8 16. Qf3 Be7 17. Nf5 Bxf5 18. exf5 e4 19. Qxe4 Re8 20. Ne3 Ne5 21. Bb3 Qd7
22. O-O Bd8 23. Rad1 Bb6 24. Nd5 Bc5 25. Bc2 Qd8 26. f6 g6 27. Ne7 bxc3 28. bxc3
Rb2 29. Rb1 Rxa2 30. Qf4 Nd7 31. Qc4 Nxf6 32. Nc6 Qc7 33. Qxa2 Re2 34. Qa4 Rxc2
35. Qxc2 Qxc6 36. Qa2 Nd5 37. Qxa5 Kg7 38. Kh2 Nf4 39. f3 Qd5 40. Qa1 Qe5 41.
Rbe1 Ne2+ 42. f4 Qh5 43. g3 Qg4 44. Rxe2 Qxe2+ 45. Kh3 Qe6+ 46. f5 gxf5 47. Qd1
Kg6 48. h5+ Kh6 49. Qf3 f4+ 50. Kg2 fxg3 51. Qf4+ Kg7 52. Qxg3+ Kf8 53. Qf3 Kg7
54. Rd1 f5 55. Qg3+ Kf7 56. Re1 Qh6 57. Qf3 Kf6 58. Kh3 Qg5 59. Qe2 Kg7 60. Qe7+
Qxe7 61. Rxe7+ Kh6 62. Rf7 Kxh5 63. Rxf5+ Kg6 64. Kg4 Be3 65. c4 Bc5 66. Kf4
Be3+ 67. Kg4 Bc5 68. Rg5+ Kf6 69. Rh5 Kg6 70. Rh2 Bd4 71. Rh1 Bc5 72. Rh3 Bd4
73. Rh5 Bc5 74. Rd5 Ba3 75. Kf4 Bc1+ 76. Ke4 Ba3 77. Rd3 Bc5 78. Rg3+ Kf6 79.
Rg8 Kf7 80. Rh8 Kg7 81. Rc8 Kf6 82. Rc7 h5 83. Kf4 h4 84. Rh7 Bf2 85. Rh6+ Ke7
86. Kf5 Kd7 87. Ke4 Kc6 88. Rh8 Bg3 89. Rh7 Bf2 90. Rh5 Bg3 91. Rh7 Bf2 92. Rh5
Bg3 1/2-1/2

[Event "Tata Steel Challengers"]
[Site "Wijk aan Zee NED"]
[Date "2026.01.27"]
[Round "9.6"]
[White "Suleymanli, Aydin"]
[Black "Oro, Faustino"]
[Result "1-0"]
[WhiteTitle "GM"]
[BlackTitle "IM"]
[WhiteElo "2628"]
[BlackElo "2516"]
[WhiteFideId "13413937"]
[BlackFideId "20000197"]
[EventDate "2026.01.17"]

1. e4 c6 2. d4 d5 3. e5 Bf5 4. Nc3 e6 5. g4 Bg6 6. Nge2 c5 7. h4 h5 8. Nf4 Bh7
9. Nxh5 Nc6 10. dxc5 Bxc5 11. Bg5 Qa5 12. Bb5 Kf8 13. Bxc6 bxc6 14. O-O Rb8 15.
Rb1 Qb4 16. Qf3 Be7 17. a3 Qb7 18. b4 Bxg5 19. hxg5 Qc7 20. Rfe1 Ne7 21. Na4 Be4
22. Qc3 g6 23. Ng3 Rh4 24. Nxe4 dxe4 25. Qg3 Rh8 26. Nc5 Rd8 27. Rbd1 Kg7 28.
Nxe4 c5 29. bxc5 Rd5 30. c4 Rxd1 31. Rxd1 Nc6 32. Nd6 Rf8 33. Kg2 Na5 34. Rh1
Rh8 35. Qf3 Qc6 36. Rxh8 Kxh8 37. Nxf7+ Kg8 38. Nd6 1-0

[Event "Tata Steel Challengers"]
[Site "Wijk aan Zee NED"]
[Date "2026.01.27"]
[Round "9.7"]
[White "Woodward, Andy"]
[Black "Yuffa, Daniil"]
[Result "1-0"]
[WhiteTitle "GM"]
[BlackTitle "GM"]
[WhiteElo "2608"]
[BlackElo "2604"]
[WhiteFideId "30953499"]
[BlackFideId "24131423"]
[EventDate "2026.01.17"]

1. d4 Nf6 2. c4 e6 3. Nf3 b6 4. g3 Bb7 5. Bg2 Be7 6. O-O O-O 7. Re1 h6 8. a3 d5
9. cxd5 exd5 10. Nc3 Nbd7 11. Bf4 Ne4 12. Rc1 Nxc3 13. Rxc3 c5 14. Rc1 c4 15. e4
dxe4 16. Nd2 b5 17. Nxe4 Bd5 18. Qh5 Nb6 19. Rcd1 a6 20. Bh3 Bxe4 21. Rxe4 Bg5
22. Be5 Nd5 23. Ree1 Qb6 24. Qf3 Rad8 25. Bf5 Bf6 26. h4 Bxe5 27. dxe5 Nc7 28.
Bd7 Ne6 29. Rd6 Qc7 30. Red1 Nc5 31. Bf5 Rde8 32. Qe3 Nd3 33. Bxd3 cxd3 34.
R1xd3 Qc2 35. b4 Qb2 36. Rc3 Qb1+ 37. Kg2 Qf5 38. Rc5 Re6 39. Qf3 Qg6 40. Rcc6
Qb1 41. Qd5 Qb2 42. Rd8 Ree8 43. Rxe8 Rxe8 44. e6 fxe6 45. Rxe6 Rxe6 46. Qxe6+
Kh7 47. Qxa6 Qe2 48. Qc6 Qd3 49. a4 bxa4 50. Qxa4 Qe4+ 51. Kh2 1-0

[Event "Tata Steel Challengers"]
[Site "Wijk aan Zee NED"]
[Date "2026.01.28"]
[Round "10.1"]
[White "Yip, Carissa"]
[Black "Oro, Faustino"]
[Result "1/2-1/2"]
[WhiteTitle "IM"]
[BlackTitle "IM"]
[WhiteElo "2466"]
[BlackElo "2516"]
[WhiteFideId "2090732"]
[BlackFideId "20000197"]
[EventDate "2026.01.17"]

1. e4 e5 2. Nf3 Nc6 3. Bc4 Bc5 4. c3 Nf6 5. d3 d6 6. Bg5 h6 7. Bh4 a6 8. a4 Ba7
9. O-O Qe7 10. Nbd2 g5 11. Bg3 Nd7 12. Kh1 Nf8 13. Ng1 Ng6 14. f3 O-O 15. Ne2
Kh7 16. d4 exd4 17. Rc1 Be6 18. Qc2 dxc3 19. Qxc3 Bxc4 20. Nxc4 Rad8 21. Qb3 Rb8
22. Nc3 Bd4 23. Nd5 Qd8 24. Rfd1 Bg7 25. Qe3 Kh8 26. b4 Rc8 27. b5 axb5 28. axb5
Nce7 29. b6 Nxd5 30. Rxd5 cxb6 31. Rxd6 Qe7 32. Rxb6 Nf4 33. Nd6 Rxc1+ 34. Qxc1
Ra8 35. Nf5 Qc7 36. Rb1 Qxc1+ 37. Rxc1 Nd3 38. Rd1 b5 39. Nxg7 Kxg7 40. Kg1 Ra3
41. Kf1 b4 42. Ke2 Nf4+ 43. Bxf4 gxf4 44. Rb1 b3 45. Kd3 Kf6 46. Kc4 Ra2 47.
Rxb3 Rxg2 48. h4 Rf2 49. Rb6+ Kg7 50. Rb3 Rd2 51. Rb5 Rh2 52. Rf5 Rxh4 53. Kd4
Kg6 54. Ke5 h5 55. Rf6+ Kg7 56. Rf5 Kg6 57. Rf6+ Kg7 58. Rf5 Kg6 59. Rf6+ 1/2-1/2

[Event "Tata Steel Challengers"]
[Site "Wijk aan Zee NED"]
[Date "2026.01.28"]
[Round "10.2"]
[White "Maurizzi, MarcAndria"]
[Black "Panesar, Vedant"]
[Result "1-0"]
[WhiteTitle "GM"]
[BlackTitle "FM"]
[WhiteElo "2611"]
[BlackElo "2406"]
[WhiteFideId "36083534"]
[BlackFideId "35033018"]
[EventDate "2026.01.17"]

1. d4 Nf6 2. c4 e6 3. Nc3 Bb4 4. e3 O-O 5. a3 Bxc3+ 6. bxc3 d6 7. Ne2 c5 8. Ng3
Nc6 9. Be2 b6 10. e4 Ba6 11. O-O cxd4 12. cxd4 Na5 13. f4 Bxc4 14. Bxc4 Nxc4 15.
f5 h6 16. Rb1 Rc8 17. Rb3 Na5 18. Rd3 Qc7 19. Nh5 Nxh5 20. Qxh5 Qxc1 21. Rxc1
Rxc1+ 22. Kf2 Rc2+ 23. Kg3 exf5 24. exf5 Re8 25. Kh3 Rce2 26. f6 R2e3+ 27. Rxe3
Rxe3+ 28. g3 Re6 29. fxg7 Nc4 30. d5 Rg6 31. Qe2 Nxa3 32. Qd3 Rg5 33. Qxa3 Rxd5
34. Qxa7 Re5 35. Qxb6 Re6 36. Qd4 Kh7 37. Kg4 Kg8 38. Kf4 Rg6 39. g4 Re6 40. h4
Rg6 41. Kf5 Re6 42. h5 Kh7 43. Qf6 Kg8 44. Qxe6 fxe6+ 45. Kg6 1-0

[Event "Tata Steel Challengers"]
[Site "Wijk aan Zee NED"]
[Date "2026.01.28"]
[Round "10.4"]
[White "Ivanchuk, Vasyl"]
[Black "Woodward, Andy"]
[Result "1-0"]
[WhiteTitle "GM"]
[BlackTitle "GM"]
[WhiteElo "2605"]
[BlackElo "2608"]
[WhiteFideId "14100010"]
[BlackFideId "30953499"]
[EventDate "2026.01.17"]

1. d4 Nf6 2. c4 e6 3. Nf3 d5 4. Nc3 Bb4 5. Bg5 h6 6. Bxf6 Qxf6 7. e3 O-O 8. Rc1
dxc4 9. Bxc4 c5 10. dxc5 Nd7 11. c6 bxc6 12. O-O Rd8 13. Ne4 Qxb2 14. Rc2 Qa3
15. Ne5 Qa4 16. Bb3 Qb5 17. Nxc6 Bb7 18. Nxd8 Bxe4 19. Nxf7 Bxc2 20. Bxc2 Nf6
21. Nd8 e5 22. Ba4 Qc5 23. Qb3+ Kh7 24. Nc6 a5 25. Qb1+ e4 26. Rc1 Qd6 27. Rd1
Qe6 28. h3 Bd6 29. Qb7 Rf8 30. Bb3 Qf5 31. Rxd6 Ng4 32. Rd2 Nxf2 33. Qd7 Qf6 34.
Kh2 h5 35. Qe7 Qc3 36. Qxf8 Qxd2 37. Bg8+ 1-0

[Event "Tata Steel Challengers"]
[Site "Wijk aan Zee NED"]
[Date "2026.01.28"]
[Round "10.5"]
[White "L'Ami, Erwin"]
[Black "Lu, Miaoyi"]
[Result "1-0"]
[WhiteTitle "GM"]
[BlackTitle "IM"]
[WhiteElo "2634"]
[BlackElo "2431"]
[WhiteFideId "1007998"]
[BlackFideId "8618020"]
[EventDate "2026.01.17"]

1. d4 Nf6 2. c4 e6 3. Nf3 b6 4. a3 Bb7 5. Nc3 Ne4 6. Bd2 Be7 7. Nxe4 Bxe4 8. Bc3
Bf6 9. e3 d6 10. Bd3 Bxd3 11. Qxd3 Nd7 12. h4 c5 13. g4 h6 14. O-O-O cxd4 15.
Nxd4 Ne5 16. Qe4 d5 17. cxd5 exd5 18. Qg2 Rc8 19. g5 Be7 20. Ne2 Rc5 21. Kb1 Qd7
22. gxh6 Bf6 23. hxg7 Rg8 24. Qh3 Rxg7 25. Qxd7+ Nxd7 26. Bb4 Rc4 27. Rxd5 Rg2
28. Rf5 Rxh4 29. Rc1 Kd8 30. Rd1 Ke8 31. Rxd7 Kxd7 32. Rxf6 Ke8 33. Bd6 Rh1+ 34.
Kc2 Re1 35. Kd2 Rb1 36. Be5 Ke7 37. Rf3 Rf1 38. Bg3 Rb1 39. Kc3 Re1 40. Nf4 Rgg1
41. Bh4+ Ke8 42. Kb4 Rc1 43. Bf6 Rc5 44. Bd4 Ra5 45. Nd3 Rgg5 46. Rf6 Ke7 47.
Rh6 Rh5 48. Rxh5 Rxh5 49. a4 Kd6 50. Ne5 Rf5 51. f4 Kd5 52. Kb5 Ke4 53. Ka6 f6
54. Nc6 1-0

[Event "Tata Steel Challengers"]
[Site "Wijk aan Zee NED"]
[Date "2026.01.28"]
[Round "10.6"]
[White "Assaubayeva, Bibisara"]
[Black "Roebers, Eline"]
[Result "1-0"]
[WhiteTitle "GM"]
[BlackTitle "IM"]
[WhiteElo "2497"]
[BlackElo "2398"]
[WhiteFideId "13708694"]
[BlackFideId "1058401"]
[EventDate "2026.01.17"]

1. Nf3 d5 2. d4 e6 3. c4 c6 4. cxd5 exd5 5. Bf4 Nf6 6. Nc3 Bf5 7. e3 Be7 8. h3
O-O 9. Bd3 Bxd3 10. Qxd3 Nbd7 11. O-O Re8 12. Qc2 Bf8 13. Nd2 a5 14. Rfe1 h6 15.
a3 Nb6 16. Rad1 Bd6 17. Bxd6 Qxd6 18. Qb3 Nbd7 19. Nf1 b5 20. Nd2 Nb6 21. Qc2
Rac8 22. Nb3 Nc4 23. Nc5 Nd7 24. Nxd7 Qxd7 25. a4 b4 26. Ne2 b3 27. Qc3 Rb8 28.
Nc1 Qc7 29. Nd3 Qb6 30. Nc5 Re7 31. Qc1 Qa7 32. Rd3 Rb4 33. Rc3 Re8 34. Rd1 Reb8
35. Rdd3 Nb6 36. Qa1 Nc4 37. Qc1 Nb6 38. Qa1 Nc4 39. Rd1 Qe7 40. Na6 R8b6 41.
Nxb4 Rxb4 42. Rdd3 Qb7 43. Qc1 f5 44. f3 Qb8 45. e4 fxe4 46. fxe4 dxe4 47. Rd1
Nd6 48. Rxc6 1-0

[Event "Tata Steel Challengers"]
[Site "Wijk aan Zee NED"]
[Date "2026.01.28"]
[Round "10.7"]
[White "Yuffa, Daniil"]
[Black "Suleymanli, Aydin"]
[Result "0-1"]
[WhiteTitle "GM"]
[BlackTitle "GM"]
[WhiteElo "2604"]
[BlackElo "2628"]
[WhiteFideId "24131423"]
[BlackFideId "13413937"]
[EventDate "2026.01.17"]

1. d4 Nf6 2. c4 e6 3. Nf3 d5 4. Nc3 c6 5. Bg5 Be7 6. e3 h6 7. Bf4 Nbd7 8. Qc2
Nh5 9. Be5 Nhf6 10. O-O-O O-O 11. Kb1 Qa5 12. g4 dxc4 13. Bxc4 Nd5 14. Ne4 Nb4
15. Qc3 b5 16. Bb3 c5 17. Bxg7 c4 18. Bxf8 Bxf8 19. a3 cxb3 20. axb4 Qa2+ 21.
Kc1 Bb7 22. Nfd2 Qa1+ 23. Nb1 Bxe4 0-1

[Event "Tata Steel Challengers"]
[Site "Wijk aan Zee NED"]
[Date "2026.01.30"]
[Round "11.1"]
[White "Lu, Miaoyi"]
[Black "Assaubayeva, Bibisara"]
[Result "1/2-1/2"]
[WhiteTitle "IM"]
[BlackTitle "GM"]
[WhiteElo "2431"]
[BlackElo "2497"]
[WhiteFideId "8618020"]
[BlackFideId "13708694"]
[EventDate "2026.01.17"]

1. e4 c5 2. Nf3 d6 3. d4 cxd4 4. Qxd4 Nf6 5. Nc3 Nc6 6. Bb5 Bd7 7. Bxc6 Bxc6 8.
Bg5 e6 9. O-O-O Be7 10. Rhe1 O-O 11. e5 dxe5 12. Nxe5 Qxd4 13. Rxd4 Rfc8 14.
Nxc6 Rxc6 15. Ne4 Rac8 16. Re2 a6 17. Nxf6+ Bxf6 18. Bxf6 gxf6 19. Red2 Kg7 20.
a4 R8c7 21. c3 f5 22. Kc2 e5 23. Rd6 Rc4 24. Kb3 Rh4 25. h3 f4 26. f3 Rh6 27. c4
Rg6 28. Kb4 f5 29. c5 e4 30. Re2 Re7 31. Kc4 Kf7 32. Kd5 e3 33. b4 Rg8 34. Kc4
a5 35. Rd4 axb4 36. Kxb4 Kg6 37. Rxf4 h5 38. Rd4 Rc8 39. Rd6+ Kg5 40. Rd5 Kf4
41. a5 h4 42. Kb5 Re6 43. Rd6 1/2-1/2

[Event "Tata Steel Challengers"]
[Site "Wijk aan Zee NED"]
[Date "2026.01.30"]
[Round "11.2"]
[White "Roebers, Eline"]
[Black "Yip, Carissa"]
[Result "0-1"]
[WhiteTitle "IM"]
[BlackTitle "IM"]
[WhiteElo "2398"]
[BlackElo "2466"]
[WhiteFideId "1058401"]
[BlackFideId "2090732"]
[EventDate "2026.01.17"]

1. e4 e5 2. Nf3 Nc6 3. Nc3 Nf6 4. h3 Bb4 5. Bd3 d6 6. O-O Bxc3 7. dxc3 h6 8. Be3
Ne7 9. Nd2 O-O 10. Qe2 Be6 11. Rad1 Ng6 12. b3 Qd7 13. c4 b6 14. Nb1 Qd8 15. Nc3
Nd7 16. Qh5 a5 17. a4 Nf4 18. Bxf4 exf4 19. Nd5 Bxd5 20. exd5 Qg5 21. Qxg5 hxg5
22. Rfe1 Rfe8 23. Rxe8+ Rxe8 24. Kf1 Nc5 25. Be2 g6 26. f3 Kg7 27. Kf2 f5 28.
Rh1 Re7 29. Bd1 Kf6 30. Be2 Rh7 31. Rd1 Re7 32. Rh1 g4 33. hxg4 fxg4 34. Rh4 g3+
35. Ke1 g5 36. Rh6+ Kg7 37. Rh1 Re8 38. Kd2 Rh8 39. Rxh8 Kxh8 40. Bd1 Kg7 41. c3
Kf6 42. Bc2 Nd7 43. Bd1 Ne5 44. Be2 Ng6 45. Ke1 Nh4 46. Kf1 Nf5 47. Kg1 Ne3 48.
Kh1 Ke7 49. Kg1 Kd7 50. Bd3 Nd1 51. Kf1 Nxc3 52. Ke1 Na2 53. Kd2 Ke7 54. Bb1 Nb4
55. Kc3 Kf6 56. Kd4 Na6 57. Bc2 Nc5 58. Bd1 Nd7 59. Be2 Ne5 60. Ke4 Ng6 61. Bd3
Nh4 62. Bf1 Nf5 0-1

[Event "Tata Steel Challengers"]
[Site "Wijk aan Zee NED"]
[Date "2026.01.30"]
[Round "11.3"]
[White "Oro, Faustino"]
[Black "Yuffa, Daniil"]
[Result "1-0"]
[WhiteTitle "IM"]
[BlackTitle "GM"]
[WhiteElo "2516"]
[BlackElo "2604"]
[WhiteFideId "20000197"]
[BlackFideId "24131423"]
[EventDate "2026.01.17"]

1. e4 c5 2. Nf3 Nc6 3. Nc3 e6 4. d4 cxd4 5. Nxd4 Nf6 6. a3 d6 7. Be3 Be7 8. Be2
O-O 9. Qd3 Nxd4 10. Bxd4 e5 11. Be3 Be6 12. O-O-O Rc8 13. f3 a6 14. g4 Rc6 15.
Kb1 Nd7 16. Nd5 Bxd5 17. exd5 Rc8 18. h4 Qa5 19. g5 Nc5 20. Qf5 Na4 21. Bd3 g6
22. Qg4 h5 23. gxh6 Bf6 24. Bd2 Qb6 25. Qxa4 e4 26. Qb4 Qxb4 27. Bxb4 exd3 28.
Rxd3 Be5 29. Re1 Rfd8 30. f4 Bf6 31. f5 Bxh4 32. Re4 g5 33. Re7 b6 34. Rde3 Rc4
35. Bc3 Kh7 36. R3e6 Rf8 37. Bg7 Rcc8 38. Bxf8 Rxf8 39. Rg6 g4 40. Rc7 g3 41.
Rg4 1-0

[Event "Tata Steel Challengers"]
[Site "Wijk aan Zee NED"]
[Date "2026.01.30"]
[Round "11.4"]
[White "Woodward, Andy"]
[Black "Maurizzi, MarcAndria"]
[Result "1-0"]
[WhiteTitle "GM"]
[BlackTitle "GM"]
[WhiteElo "2608"]
[BlackElo "2611"]
[WhiteFideId "30953499"]
[BlackFideId "36083534"]
[EventDate "2026.01.17"]

1. d4 Nf6 2. c4 e6 3. g3 d5 4. Bg2 Be7 5. Nf3 Ne4 6. O-O f5 7. b3 Nc6 8. Ba3 Bf6
9. e3 h5 10. Nfd2 h4 11. Nxe4 dxe4 12. Nc3 hxg3 13. fxg3 Nxd4 14. Nxe4 fxe4 15.
Qg4 Kf7 16. exd4 Qxd4+ 17. Kh1 e5 18. Qe2 Be6 19. Bxe4 Rxh2+ 20. Kxh2 Rh8+ 21.
Kg2 Bh3+ 22. Kf3 1-0

[Event "Tata Steel Challengers"]
[Site "Wijk aan Zee NED"]
[Date "2026.01.30"]
[Round "11.5"]
[White "Panesar, Vedant"]
[Black "Ivic, Velimir"]
[Result "1/2-1/2"]
[WhiteTitle "FM"]
[BlackTitle "GM"]
[WhiteElo "2406"]
[BlackElo "2638"]
[WhiteFideId "35033018"]
[BlackFideId "950122"]
[EventDate "2026.01.17"]

1. e4 e5 2. Nf3 Nc6 3. Bb5 a6 4. Ba4 Nf6 5. O-O Be7 6. Re1 b5 7. Bb3 d6 8. c3
O-O 9. h3 Nb8 10. d4 Nbd7 11. Nbd2 Bb7 12. Bc2 Re8 13. Nf1 Bf8 14. Ng3 a5 15.
Bd2 a4 16. Bd3 c6 17. Qc2 Qb6 18. b3 g6 19. Rab1 Qc7 20. Be3 Bg7 21. b4 Ba6 22.
dxe5 dxe5 23. c4 Rac8 24. cxb5 Bxb5 25. Bc4 Qb7 26. a3 Nd5 27. Qa2 N7b6 28. Bxb5
Nc3 29. Qb2 Nxb5 30. Bxb6 Qxb6 31. Red1 Red8 32. Ne2 Qa7 33. Rbc1 h6 34. Ne1 Rd7
35. Rxd7 Qxd7 36. Nc3 Ra8 37. Rd1 Qe6 38. Nxb5 cxb5 39. Rd5 Rc8 40. Nd3 Rc4 41.
Qd2 Rd4 42. Qe2 Rxd5 43. exd5 Qxd5 44. Nc5 Qc6 45. Qe4 Qxe4 46. Nxe4 Kf8 47. Nc3
e4 48. Nxb5 Ke7 49. Kf1 Kd7 50. Ke2 Kc6 51. Na7+ Kb7 52. Nb5 Kc6 53. Na7+ Kd5
54. Kd2 Bb2 55. Nb5 Kc4 56. Kc2 Be5 57. Na7 f5 58. Nc8 Bd4 59. Nd6+ Kd5 60. Nb5
Bxf2 61. Nc3+ Kc4 62. Nxa4 Bd4 63. Nb2+ Bxb2 64. Kxb2 Kd3 65. b5 e3 66. b6 e2
67. b7 e1=Q 68. b8=Q Qe2+ 69. Ka1 Qxg2 70. a4 Kc3 71. a5 Qf1+ 72. Ka2 Qe2+ 73.
Ka3 Qe7+ 74. Ka4 Qd7+ 75. Ka3 Qe7+ 76. Ka4 Qe4+ 77. Ka3 Kc4 78. Qb4+ Kd5 79.
Qb7+ Kd6 80. Qxe4 fxe4 81. Kb4 Kc6 82. Kc4 g5 83. Kd4 h5 84. Kxe4 g4 85. hxg4
hxg4 86. Kf4 Kb5 87. Kxg4 Kxa5 1/2-1/2

[Event "Tata Steel Challengers"]
[Site "Wijk aan Zee NED"]
[Date "2026.01.30"]
[Round "11.6"]
[White "Warmerdam, Max"]
[Black "L'Ami, Erwin"]
[Result "1/2-1/2"]
[WhiteTitle "GM"]
[BlackTitle "GM"]
[WhiteElo "2576"]
[BlackElo "2634"]
[WhiteFideId "1048104"]
[BlackFideId "1007998"]
[EventDate "2026.01.17"]

1. d4 Nf6 2. c4 g6 3. Nf3 Bg7 4. e3 O-O 5. Be2 b6 6. O-O Bb7 7. Qc2 e6 8. b4 c5
9. bxc5 bxc5 10. Nc3 Na6 11. Rd1 Nb4 12. Qb3 Rb8 13. Nb5 a6 14. dxc5 axb5 15.
Qxb4 bxc4 16. Qxc4 Bd5 17. Qc2 Qa5 18. Bb2 Rfc8 19. Bd4 d6 20. Rab1 Rxb1 21.
Rxb1 e5 22. Rb5 Qa8 23. Bc3 Ne4 24. Ra5 Qc6 25. Be1 Nxc5 26. Qb1 e4 27. Nd4 Bxd4
28. exd4 Nd3 29. Bxd3 exd3 30. Qxd3 Bxg2 31. d5 Qc1 32. Qe3 Qxe3 33. fxe3 Rc2
34. h4 Be4 35. Bb4 Rc1+ 36. Kf2 Rd1 37. Bxd6 Rxd5 38. Rxd5 Bxd5 39. a4 f6 40. a5
Bb7 41. Be7 1/2-1/2

[Event "Tata Steel Challengers"]
[Site "Wijk aan Zee NED"]
[Date "2026.01.30"]
[Round "11.7"]
[White "Suleymanli, Aydin"]
[Black "Ivanchuk, Vasyl"]
[Result "0-1"]
[WhiteTitle "GM"]
[BlackTitle "GM"]
[WhiteElo "2628"]
[BlackElo "2605"]
[WhiteFideId "13413937"]
[BlackFideId "14100010"]
[EventDate "2026.01.17"]

1. e4 c5 2. Nf3 d6 3. d4 cxd4 4. Nxd4 Nf6 5. Nc3 a6 6. f4 Qc7 7. Be2 e6 8. Bf3
Be7 9. O-O O-O 10. Kh1 Nc6 11. Be3 Bd7 12. Nde2 b5 13. a3 Bc8 14. g4 Nd7 15. g5
Rb8 16. Bg2 a5 17. Ng3 Re8 18. f5 Bf8 19. Qe2 b4 20. Nb5 Qd8 21. a4 Ba6 22. f6
g6 23. Rfd1 Nde5 24. Rd2 Rb7 25. c4 bxc3 26. bxc3 Qb8 27. Rb1 Rc8 28. Rdb2 Nd8
29. Bd4 Nc4 30. Rb3 e5 31. Bh3 exd4 32. Bxc8 Qxc8 33. cxd4 d5 34. exd5 Na3 35.
Ra1 Rb6 36. Ne4 Nxb5 37. axb5 Bb7 38. Nc3 Re6 39. Qd3 Bb4 40. Kg1 Re8 41. h3 Qd7 0-1

[Event "Tata Steel Challengers"]
[Site "Wijk aan Zee NED"]
[Date "2026.01.31"]
[Round "12.1"]
[White "Assaubayeva, Bibisara"]
[Black "Warmerdam, Max"]
[Result "0-1"]
[WhiteTitle "GM"]
[BlackTitle "GM"]
[WhiteElo "2497"]
[BlackElo "2576"]
[WhiteFideId "13708694"]
[BlackFideId "1048104"]
[EventDate "2026.01.17"]

1. d4 Nf6 2. c4 g6 3. f3 d6 4. e4 a6 5. Be3 c6 6. Bd3 Bg7 7. a4 a5 8. Nc3 Na6 9.
Rc1 Nd7 10. Nge2 e5 11. d5 Bh6 12. Bf2 Bxc1 13. Nxc1 Ndc5 14. Bb1 O-O 15. O-O f5
16. exf5 Bxf5 17. Nd3 Nxd3 18. Bxd3 Nb4 19. Bxf5 gxf5 20. f4 Qf6 21. fxe5 dxe5
22. d6 Rad8 23. c5 b6 24. Qe2 e4 25. Be3 bxc5 26. Bxc5 Qe5 27. Qc4+ Rf7 28. g4
Nd5 29. gxf5 Rxf5 30. Rxf5 Qxf5 31. Nxe4 Qg4+ 32. Kh1 Qf3+ 33. Kg1 Qg4+ 34. Kh1
Qf3+ 35. Kg1 Rd7 36. Ng3 Rf7 37. Qe2 Qxe2 38. Nxe2 Rb7 39. Nd4 Nf6 40. Nxc6 Rxb2
41. Nxa5 Ne4 42. Ba3 Rd2 43. Nb7 Kf7 44. Bb4 Rd1+ 45. Kg2 Ke8 46. a5 Rb1 47. d7+
Kxd7 48. Nc5+ Ke8 49. Nxe4 Rxb4 50. Kf3 Ke7 51. Ng5 h6 52. Ne4 Ra4 53. Nf2 Kf6
54. Ne4+ Kg6 55. Ng3 Rxa5 56. Ne4 Ra4 57. Ng3 Kg5 58. Ne4+ Kg6 59. Ng3 Ra2 60.
h3 Kg5 61. Ne4+ Kh4 62. Nf2 Ra3+ 63. Kg2 h5 64. Kh2 Ra2 65. Kg2 Kg5 66. Kf3 Ra3+
67. Kg2 Kf4 68. h4 Rb3 69. Nh3+ Kg4 70. Nf2+ Kxh4 71. Kh2 Kg5 72. Kg2 Kf5 73.
Nh3 Ra3 74. Nf2 h4 75. Nh3 Rg3+ 76. Kh2 Ke4 77. Nf2+ Ke3 78. Nh3 Kf3 79. Ng1+
Kg4 0-1